MDQL
is popping MORE tags! Check the
thread
!
Quizzes
Events
Quiz Creation
Community
Videos
Private Events
Remove Ads
Sign In
Join for FREE
Feedback
Dark Mode
Quiz Categories
Sports
Geography
Music
Movies
Television
Just For Fun
Miscellaneous
History
Literature
Language
Science
Gaming
Entertainment
Religion
Holiday
For Kids
Quiz Lab
Recent
Popular Today
Quiz Kudos Today
Editor Picks
Curator Picks
Quizzes by...
Day
Popularity
Type
Ratings
Length
Year
Community
Subscriptions
Recent Discussions
Orange Saloon
Badges
Playlists
Quests
Create
Leaderboards
Showdown
Live 5
Trivia Bingo
Activity
Puzzle Library
Sporcle Events
Private Events
Virtual Trivia
Globe League
Become a Host
Pub Owners
SporcleCon
Opinionation
Our Games
Videos
Blog
Mobile Apps
Partnerships
Remove Ads and Go Orange
Feedback
Television
TV Characters
TV Show
Sitcom
Network
Friends
Reality Shows
Cast
South Park
Star Trek
The Simpsons
Doctor Who
Television
TV Characters
TV Show
Sitcom
Network
Friends
Reality Shows
Cast
South Park
Star Trek
The Simpsons
Doctor Who
Random Quiz
Search Sporcle
×
Quiz Lab
Quiz Lab
Television
TV Show
Type in answers that appear in a list
Type in answers that appear in a list
Classic
Best Score? Go Orange.
Neighbours Trivia Game Stats
Can you name the facts about Neighbours?
By
kim1988
7m
30 Questions
1,053 Plays
1,053 Plays
1,053 Plays
Comments
Comments
Give Quiz Kudos
Give Quiz Kudos
-
- Ratings
hide this ad
Replay
Link that replays current quiz
Next Quiz
Link to next quiz in quiz playlist
You Got
0%
They Got
Avg Score
64%
Avg Friend Score
Upgrade to see
Score Distribution
Jump to the score distribution portion of the page
Score
0/30
Timer
07:00
0
Plays Today
Question
Answer
% Correct
Which Australian city is Neighbours filmed in?
Melbourne
92.6%
True or False: Neighbours first changed networks in 1986
True
87.9%
What is the name of the fictional suburb that everyone lives in?
Erinsborough
86.3%
What is Karl Kennedy's profession?
Doctor
84.1%
Which famous singer played the role of Charlene Mitchell?
Kylie Minogue
83.7%
In what year did Neighbours start airing on Channel 7?
1985
83.4%
In what year did the Kennedys arrive?
1994
83.3%
What is the name of the fictional street that everyone lives in?
Ramsay Street
82.8%
In what year was Neighbours 20th anniversary?
2005
80.2%
Who is the local lawyer?
Toadie
78.3%
In what year did the Scullys arrive?
1999
77.7%
What is Libby Kennedy's profession?
Teacher
77%
Yes or no: Has Neighbours ever been filmed in the UK?
Yes
76%
What is the name of the local hotel chain?
Lassiters
74.7%
Who is Steph Scully's best friend?
Libby Kennedy
71%
Question
Answer
% Correct
Who owns the Erinsborough News?
Paul Robinson
66.7%
Who is Toadie's girlfriend now?
Sonya Mitchell
64.3%
What is the name of the local high school?
Erinsborough High School
62.2%
In what year did Neighbours air its 6000th episode?
2010
58.9%
What is the name of the local pub/
club?
Charlie's
58.7%
As of 2011 what channel is Neighbours on in Australia?
Channel 11
57.5%
Which former Neighbours actress had a Logie nomination for Most Popular Actress in 2011 for her role as Donna Freedman?
Margot Robbie
50.8%
If I wanted to visit Kate & Sophie Ramsay what number house would I go to?
Number 24
49.9%
Which character recently pretended to be pregnant?
Natasha Williams
42.5%
Jordy Lucas plays which Neighbours character?
Summer Hoyland
39.6%
What did Harold's used to be called before it burned down in 2005?
The Coffee Shop
38.9%
What is the name of the Kennedys bird?
Dahl
38.1%
What time does Neighbours start to air during the weeknights in Australia?
6:30 P.M.
37%
Which former Neighbours actor now has a starring role in the TV show House?
Jesse Spencer
31.8%
Who plays the role of Kate Ramsay?
Ashleigh Brewer
28.3%
Quiz Playlist
Details
Report
Send in Message
Add To Playlist
Classic:
Type in answers that appear in a list
Last Updated: Feb 16, 2017
Quiz Scoreboard
CHALLENGE
Sign Up to Join the Scoreboard
Show All
Scores
Hide
Comments
May contain spoilers
Recently Published
Image Sorting: Flags VI
by Barbecue
Geography
2m
Find the 'City' Movie
by crazypaving
Movies
60s
Colored Red Africa Blitz
by spor1
Geography
45s
More to Explore
Quiz From the Vault
Featured Blog Post
14 Easter Pick-up Lines to Find Eggs With
hide this ad
You Might Also Like...
Tags
TV Show Quiz
Australia
Australian
Soap Operas
Today's Top Quizzes in Television
Browse Television
hide this ad
Today's Top Quizzes in TV Show
Browse TV Show
Top Contributed Quizzes in Television
1
Survivor Journey Challenge
2
Brooklyn Nine Nine Logic Puzzle (How-To-Play)
3
Total Drama Characters
4
Phoebe Buffay Quotes
5
Survivor Heroes vs. Villains Logic Puzzle
6
Adjectives in 00s TV Shows
7
Survivor Trivia
8
Game of Thrones: Tywin Lannister Start to Finish
9
Emmerdale Characters (from August 2012)
10
Survivor Logic Puzzle: Heroes vs. Villains
Explore More
Trending Topics
Marvel
Crossword
NBA
Disney
Anime
Harry Potter
Kpop
The Office
WWE
Soccer
NFL
Puzzle
Country
Song
Pokémon
hide this ad
More By:
kim1988
Quiz
Plays
Rating
Category
Featured
Created
Neighbours Trivia Game
1,053
3.33
Television
Jul 1, 2011
Guess The Neighbours Character
1,042
1.33
Television
Jun 27, 2011
Ultimate Sporcle Guess The TV Theme Tune Game
925
4.25
Television
Oct 23, 2012
Guess The Celebrity Couples
377
1.80
Entertainment
Jul 8, 2013
Michael Jackson SongPop Game!
224
3.00
Music
Sep 19, 2012
Go to Creator's Profile
Score Distribution
Quiz Creator Spotlight
kim1988
Follow
Send a Message
Quizzes Created
-
Created Quiz Play Count
-
More By This Creator
Popular Quizzes Today
1
Colored Red Africa Blitz
2
Find the US States - No Outlines Minefield
3
Find the 'City' Movie
4
5x2 Blitz: Bands
5
The Countries of the World
6
Find the US States
7
Find the Countries of Europe - No Outlines Minefield
8
US States
More Television Quizzes
TV Debuts: 1990
Published
Trending Quizzes
Colored Red Europe Blitz I
Colored Red Europe Blitz II
Colored Red Africa Blitz II
Colored Red Europe Blitz III
Colored Red Africa Blitz III
Recently Updated
How Do You Spell That?
pecheneg
Godzilla Movies
pecheneg
Grab Bag: 4-10 Letters
pecheneg
2024 March Madness Bracket
pecheneg
Famous TV Couples
Peacemaker
Champions League XIs: Real Madrid
pecheneg
Largest US Cities 1790-2010
pecheneg
Rides in Walt Disney World
pecheneg
Most Oscar Losses (Acting)
pecheneg
Beyoncé Albums
pecheneg
Trending Topics
Crossword
Harry Potter
Disney
Marvel
Kpop
Anime
NBA
WWE
NFL
Song
Soccer
The Office
Country
Puzzle
Pokémon
Your Account Isn't Verified!
In order to create a playlist on Sporcle, you need to verify the email address you used during registration. Go to your
Sporcle Settings
to finish the process.
Report this User
Report this user for behavior that violates our
Community Guidelines
.
Details:
Send Report
Go to the Sporcle.com Mobile Site →
Comments